[Event "GER-chT U16"]
[Site "Kiel"]
[Date "2022.07.24"]
[Round "3.10"]
[White "Kern, Alexander"]
[Black "Haubold, Henry"]
[Result "1-0"]
[WhiteElo "1418"]
[BlackElo "963"]
[PlyCount "53"]
[EventDate "2022.07.22"]
[EventType "team-swiss"]
[EventRounds "7"]
[EventCountry "GER"]
[SourceTitle "CBM 209 Extra"]
[Source "ChessBase"]
[SourceDate "2022.09.30"]
[SourceVersion "1"]
[SourceVersionDate "2022.09.30"]
[SourceQuality "1"]
[WhiteTeam "Frankenthal"]
[BlackTeam "Niederwiesa"]
[WhiteTeamCountry "GER"]
[BlackTeamCountry "GER"]

1. e4 c5 2. Nf3 Nc6 3. d4 cxd4 4. Nxd4 Nxd4 5. Qxd4 d6 6. Nc3 Nf6 7. Be2 g6 8. Be3 Bg7 9. Qd2 e6 10. 0-0-0 Qc7 11. Qxd6 Qxd6 12. Rxd6 0-0 13. Rhd1 b6 14. f3 Bb7 15. g4 Rac8 16. h4 Ne8 17. Rd7 Rc7 18. Rxc7 Nxc7 19. h5 e5 20. Rd7 Rc8 21. Bc4 Bc6 22. Rxf7 Ne8 23. Rc7+ Kf8 24. Rxc8 Bb7 25. Rb8 Bc6 26. Bb5 Bxb5 27. Nxb5 1-0

[Event "GER-chT U16"]
[Site "Kiel"]
[Date "2022.07.23"]
[Round "1.6"]
[White "Kern, Alexander"]
[Black "Beck, Felix"]
[Result "1/2-1/2"]
[WhiteElo "1418"]
[BlackElo "1501"]
[PlyCount "80"]
[EventDate "2022.07.22"]
[EventType "team-swiss"]
[EventRounds "7"]
[EventCountry "GER"]
[SourceTitle "CBM 209 Extra"]
[Source "ChessBase"]
[SourceDate "2022.09.30"]
[SourceVersion "1"]
[SourceVersionDate "2022.09.30"]
[SourceQuality "1"]
[WhiteTeam "Frankenthal"]
[BlackTeam "Berlin SF"]
[WhiteTeamCountry "GER"]
[BlackTeamCountry "GER"]

1. e4 c6 2. Nc3 d5 3. Nf3 Nf6 4. exd5 cxd5 5. d4 Bf5 6. Bd3 Bxd3 7. Qxd3 Nc6 8. 0-0 e6 9. Re1 Be7 10. Bf4 0-0 11. h3 Rc8 12. a3 a6 13. Ne2 b5 14. c3 Na5 15. Nd2 Nc4 16. Nxc4 bxc4 17. Qc2 Qb6 18. Ng3 Rfd8 19. Be5 Rd7 20. Qe2 Rb7 21. Rab1 Rc6 22. Bxf6 Bxf6 23. Nh5 Be7 24. Qe5 f6 25. Qg3 g6 26. Nf4 Kf7 27. Qh4 Kg7 28. Qg4 Kf7 29. h4 f5 30. Qh3 Qc7 31. Qe3 Qd7 32. g3 Rcb6 33. Rbd1 Rb8 34. Rd2 Re8 35. Rde2 Bf6 36. Qd2 h6 37. h5 g5 38. Ng6 Rc6 39. Ne5+ Bxe5 40. Rxe5 Rb6 1/2-1/2

[Event "GER-ch U18 sf Berlin Online"]
[Site "Playchess.com INT"]
[Date "2020.05.01"]
[Round "10"]
[White "Kern, Alexander"]
[Black "Buchinger, Alexis"]
[Result "0-1"]
[WhiteElo "1464"]
[BlackElo "1620"]
[PlyCount "48"]
[EventDate "2020.05.01"]
[EventType "swiss (blitz)"]
[EventRounds "13"]
[EventCountry "GER"]
[SourceTitle "CBM 195 Extra"]
[Source "ChessBase"]
[SourceDate "2020.05.31"]
[SourceVersion "1"]
[SourceVersionDate "2020.05.31"]
[SourceQuality "1"]

1. e4 e5 2. Nf3 Nc6 3. d4 exd4 4. Nxd4 Bc5 5. Be3 Qh4 6. Nc3 Nf6 7. g3 Qh5 8. Qd2 Ng4 9. Be2 Qg6 10. Bxg4 Qxg4 11. f3 Nxd4 12. fxg4 Nf3+ 13. Ke2 Nxd2 14. Kxd2 Bxe3+ 15. Kxe3 0-0 16. Rhf1 d6 17. Nd5 Bxg4 18. c3 c6 19. Nf4 Rfe8 20. Rae1 d5 21. Kd3 dxe4+ 22. Rxe4 Bf5 23. Rfe1 Rad8+ 24. Kc4 Rxe4+ 0-1

[Event "GER-ch U18 sf Berlin Online"]
[Site "Playchess.com INT"]
[Date "2020.05.01"]
[Round "2"]
[White "Kern, Alexander"]
[Black "Eulenstein, Conrad"]
[Result "0-1"]
[WhiteElo "1464"]
[BlackElo "1620"]
[PlyCount "104"]
[EventDate "2020.05.01"]
[EventType "swiss (blitz)"]
[EventRounds "13"]
[EventCountry "GER"]
[SourceTitle "CBM 195 Extra"]
[Source "ChessBase"]
[SourceDate "2020.05.31"]
[SourceVersion "1"]
[SourceVersionDate "2020.05.31"]
[SourceQuality "1"]

1. e4 e5 2. Nf3 Nc6 3. d4 exd4 4. Nxd4 Bc5 5. Be3 Bb6 6. Nc3 d6 7. Bc4 Nf6 8. 0-0 0-0 9. f3 Bd7 10. Kh1 Qe7 11. Qe2 Be6 12. Bxe6 fxe6 13. Nxc6 bxc6 14. Rad1 d5 15. exd5 cxd5 16. Bxb6 axb6 17. Rfe1 Rfe8 18. Nxd5 Nxd5 19. Rxd5 Rxa2 20. Rb5 Raa8 21. Re5 Kf7 22. f4 g6 23. g4 Ra5 24. Rxa5 bxa5 25. Qc4 Qd6 26. Rf1 Qd5+ 27. Qxd5 exd5 28. Rd1 c6 29. Kg1 Re2 30. Rc1 Re4 31. f5 Rxg4+ 32. Kf2 Rf4+ 33. Kg3 Rxf5 34. Re1 Rf6 35. Re2 Re6 36. Rf2+ Ke7 37. Rf3 Re2 38. Rc3 Re6 39. Ra3 Rd6 40. Rxa5 Rd7 41. Rc5 Kd6 42. Rc3 Rb7 43. b3 Rf7 44. Re3 c5 45. Rd3 d4 46. c3 Kd5 47. b4 cxb4 48. Rxd4+ Kc5 49. Rxb4 Re7 50. Rb3 Kc4 51. Ra3 Re3+ 52. Kf4 Rh3 0-1

[Event "GER-ch U18 sf Berlin Online"]
[Site "Playchess.com INT"]
[Date "2020.05.01"]
[Round "12"]
[White "Kern, Alexander"]
[Black "Lieske, Aaron"]
[Result "0-1"]
[WhiteElo "1464"]
[BlackElo "1620"]
[PlyCount "94"]
[EventDate "2020.05.01"]
[EventType "swiss (blitz)"]
[EventRounds "13"]
[EventCountry "GER"]
[SourceTitle "CBM 195 Extra"]
[Source "ChessBase"]
[SourceDate "2020.05.31"]
[SourceVersion "1"]
[SourceVersionDate "2020.05.31"]
[SourceQuality "1"]

1. e4 e5 2. Nf3 Nc6 3. d4 exd4 4. Nxd4 Nf6 5. Nc3 Bc5 6. Be3 Bb4 7. Nxc6 Bxc3+ 8. bxc3 dxc6 9. Qxd8+ Kxd8 10. Rd1+ Ke7 11. f3 h6 12. Bc4 Be6 13. Bb3 a6 14. Bc5+ Ke8 15. 0-0 Rd8 16. Rfe1 b6 17. Bd4 c5 18. Bxe6 fxe6 19. Be3 Kf7 20. e5 Nd5 21. Bf2 Nxc3 22. Ra1 Rd2 23. Be3 Rxc2 24. f4 Rxa2 25. Rac1 Nd5 26. Rcd1 Ke7 27. f5 Nxe3 28. Rxe3 Ra4 29. fxe6 Kxe6 30. Kf2 Rd4 31. Rde1 Rf8+ 32. Kg3 a5 33. Rb1 a4 34. Ra1 Ra8 35. Raa3 Rb4 36. Kf3 Rb3 37. Rexb3 axb3 38. Rxa8 b2 39. Re8+ Kd7 40. Rg8 b1Q 41. Rxg7+ Ke6 42. Rxc7 Qb3+ 43. Kf4 Qc4+ 44. Kf3 Qd5+ 45. Kf2 Qxe5 46. Rc6+ Kf5 47. Rxh6 Qf4+ 0-1